| 000 | 00522nam a2200157 a 4500 | ||
|---|---|---|---|
| 001 | 000031586 | ||
| 005 | 20200930063032.0 | ||
| 008 | 110627s2003 dr 000 0 spa d | ||
| 040 |
_aDO-SdBNP _bspa _cBNPHU |
||
| 082 |
_axxxx _bU58i |
||
| 110 | 2 |
_aUniversidad Católica Santo Domingo Extención Higüey _957923 |
|
| 245 | 1 | 0 | _aInvestidura de especialistas en docencia universitaria. |
| 260 |
_aSanto Domingo : _bUniversidad Católica Santo Domingo Extención Higüey, _c2003. |
||
| 300 |
_a14 p. : _b23 cm. |
||
| 049 | _aBNPD | ||
| 999 |
_c31078 _d31078 |
||